000 00423nam a2200157Ia 4500
008 090123s9999 xx 000 0 und d
082 _b41063
245 _aरेशीमगाठी
250 _a1
260 _bअनघा प्रकाशन
_c2007
300 _a144
630 _aरेशीमगाठी
700 _aशेवते अरुण
730 _aरेशीमगाठी
942 _cBOOK
999 _c79136
_d79136